000 00508nam a22001697a 4500
999 _c8765
_d8765
008 201214b ||||| |||| 00| 0 eng d
040 _aBMS College of Architecture
100 _aAshraf,Rehaana
245 _aYacht club kerala
300 _aviii,48p.
500 _a1BM11AT090
502 _8B,Arch
_NBMS College of Architecture, Visvesvaraya Technological University (VTU)
_aProject report
_d2015
650 _aKerala
700 _aBhaghyalaxmi M
_eGuide
700 _aMadhuri Rao
_eGuide
942 _2ddc
_cTHE